| 000 | 00363nam a2200133Ia 4500 | ||
|---|---|---|---|
| 008 | 240624s9999 xx 000 0 und d | ||
| 041 | _aeng | ||
| 082 | _a005.54 WIN | ||
| 100 | _aWINSTON WAYNE L | ||
| 245 | _aMICROSOFT EXCEL DATA ANALYSIS AND BUSINE | ||
| 260 |
_c2006 _aNew Delhi _bPrentice-Hall of India |
||
| 300 | _axi, , 602 , 25 : p. : cm. | ||
| 365 |
_cRS _b36 |
||
| 999 |
_c7276 _d7276 |
||